Allama Prabhu (Record no. 514982)

000 -LEADER
fixed length control field 00269nam a22000977a 4500
082 ## - DEWEY DECIMAL CLASSIFICATION NUMBER
Classification number TNC A99 V819
100 ## - MAIN ENTRY--PERSONAL NAME
Personal name Virupakshappa,B.
9 (RLIN) 20015
245 ## - TITLE STATEMENT
Title Allama Prabhu
Remainder of title His life and message
Statement of responsibility, etc by B.Virupakshappa
260 ## - PUBLICATION, DISTRIBUTION, ETC. (IMPRINT)
Place of publication, distribution, etc Bangalore
Name of publisher, distributor, etc Basava Samithi
Date of publication, distribution, etc 25003
300 ## - PHYSICAL DESCRIPTION
Extent 161p.
Holdings
Withdrawn status Lost status Source of classification or shelving scheme Damaged status Koha normalized classification for sorting Not for loan Permanent location Current location Date acquired Full call number Barcode Date last seen Price effective from Koha item type
        TNC_A99_V819   Indian Institute of Public Administration Indian Institute of Public Administration 2021-01-04 TNC A99 V819 GR22040 2021-01-04 2021-01-04 Book

Powered by Koha